Polen: 10 größte Städte - Statistiken

Allgemein
  • Dieses Quiz wurde 355 mal gespielt
  • Das Durchschnittsergebnis liegt bei 6 aus 10
Antwortstatistiken
Nummer Einwohner Stadt % Korrekt
1 1.860.000 Warschau
100%
2 801.000 Krakau
89%
6 486.000 Danzig
80%
3 673.000 Breslau
72%
7 396.000 Stettin
62%
4 671.000 Lodz | Lodsch
61%
5 547.000 Posen
61%
10 286.000 Kattowitz
38%
9 335.000 Lublin
33%
8 338.000 Bromberg
24%
Keine übereinstimmenden Quizze gefunden
Verteilung der Resultate
Anzahl Personen mit jedem Resultat
Perzentil nach korrekt beantworteten Fragen
Ihre Resultats-Entwicklung
Sie haben dieses Quiz noch nicht gespielt